[Event "Lima-ch U16 Damas A"]
[Site "Lima"]
[Date "2017.01.12"]
[Round "1.3"]
[White "Campos Toledo, Andrea Celeste"]
[Black "Romero Dongo, Maria Jose"]
[Result "1-0"]
[WhiteElo "1744"]
[BlackElo "1338"]
[PlyCount "83"]
[EventDate "2017.01.12"]
[EventType "swiss"]
[EventRounds "7"]
[EventCountry "PER"]
[SourceTitle "EXT 2024"]
[Source "ChessBase"]
[SourceDate "2023.10.10"]
[SourceVersion "1"]
[SourceVersionDate "2023.10.10"]
[SourceQuality "1"]

1. e4 e5 2. Nf3 Nc6 3. Bc4 Nf6 4. Ng5 d5 5. exd5 Nxd5 6. d3 Be7 7. Qf3 Be6 8. Nxe6 fxe6 9. 0-0 Bf6 10. Qh5+ g6 11. Qh3 Kf7 12. Nc3 Nd4 13. f4 exf4 14. Bxf4 Nxf4 15. Rxf4 Nf5 16. Re1 Re8 17. Qxh7+ Ng7 18. Rg4 Bd4+ 19. Kh1 Qf6 20. Ne4 Qf5 21. Rg5 Qf4 22. Qxg6+ Ke7 23. Rg4 Qe5 24. Qg5+ Kd7 25. Qxe5 Bxe5 26. Nc5+ Kd6 27. Nxb7+ Kc6 28. Rxe5 Rf8 29. h3 Kxb7 30. Rxg7 Rf2 31. Rxe6 Rd8 32. Ba6+ Kb8 33. Rc6 Rff8 34. Rcxc7 Rd6 35. Rb7+ Ka8 36. Rxa7+ Kb8 37. Rgb7+ Kc8 38. Rf7+ Kb8 39. Rab7+ Kc8 40. Rxf8+ Rd8 41. Rh7+ Kb8 42. Rxd8# 1-0

[Event "San Borja Nombre de Jesus III"]
[Site "San Borja"]
[Date "2015.08.13"]
[Round "4"]
[White "Romero Dongo, Maria Jose"]
[Black "Anicama Orcon, Richard"]
[Result "0-1"]
[WhiteElo "1342"]
[BlackElo "1603"]
[PlyCount "38"]
[EventDate "2015.08.12"]
[EventType "swiss"]
[EventRounds "8"]
[EventCountry "PER"]
[SourceTitle "EXT 2024"]
[Source "ChessBase"]
[SourceDate "2023.10.10"]
[SourceVersion "1"]
[SourceVersionDate "2023.10.10"]
[SourceQuality "1"]

1. e4 e5 2. Nf3 Nc6 3. Nc3 Nf6 4. h3 d6 5. Bc4 h6 6. d3 a6 7. Be3 Na5 8. Bb3 Nxb3 9. axb3 Be7 10. 0-0 0-0 11. Re1 Nh7 12. Qd2 f5 13. Qe2 f4 14. Bd2 c6 15. Red1 Ng5 16. Kh2 Qd7 17. Nxg5 Bxg5 18. Qh5 Kh7 19. f3 g6 0-1

[Event "San Borja Nombre de Jesus II"]
[Site "San Borja"]
[Date "2015.06.18"]
[Round "5"]
[White "Romero Dongo, Maria Jose"]
[Black "Tovar, Paul Mateo"]
[Result "0-1"]
[WhiteElo "1376"]
[BlackElo "1362"]
[PlyCount "82"]
[EventDate "2015.06.12"]
[EventType "swiss"]
[EventRounds "7"]
[EventCountry "PER"]
[SourceTitle "EXT 2024"]
[Source "ChessBase"]
[SourceDate "2023.10.10"]
[SourceVersion "1"]
[SourceVersionDate "2023.10.10"]
[SourceQuality "1"]

1. e4 e5 2. Nf3 Nc6 3. Bc4 h6 4. Nc3 Nf6 5. d3 Bc5 6. 0-0 d6 7. h3 Be6 8. Bxe6 fxe6 9. Re1 Qd7 10. a3 0-0-0 11. Qe2 d5 12. exd5 exd5 13. Bd2 Rhe8 14. Rad1 e4 15. dxe4 dxe4 16. Nh4 Nd4 17. Qc4 Qf5 18. g4 Qe5 19. Nb5 Nxb5 20. Qxb5 Bxf2+ 21. Kxf2 Qxb5 22. Be3 Kb8 23. Nf5 Rxd1 24. Rxd1 Qxb2 25. Ng3 Qxc2+ 26. Ke1 b6 27. Nf5 g5 28. Nd4 Qb2 29. Bc1 Qh2 30. Nc6+ Kb7 31. Rd8 Kxc6 32. Rxe8 Nxe8 33. Be3 Qxh3 34. Kd2 Qxg4 35. Kc3 Qf3 36. Kb4 Qxe3 37. a4 Kd5 38. a5 bxa5+ 39. Kxa5 Qb6+ 40. Ka4 Kc4 41. Ka3 Qb3# 0-1

[Event "Lima Santisimo Nombre de Jesus"]
[Site "Lima"]
[Date "2015.05.23"]
[Round "4"]
[White "Romero Dongo, Maria Jose"]
[Black "Romero Dongo, Sebastian Alejandro"]
[Result "0-1"]
[WhiteElo "1372"]
[BlackElo "1545"]
[PlyCount "90"]
[EventDate "2015.05.22"]
[EventType "swiss"]
[EventRounds "8"]
[EventCountry "PER"]
[SourceTitle "EXT 2024"]
[Source "ChessBase"]
[SourceDate "2023.10.10"]
[SourceVersion "1"]
[SourceVersionDate "2023.10.10"]
[SourceQuality "1"]

1. e4 Nc6 2. Nf3 b6 3. c4 Bb7 4. Nc3 e6 5. b3 Bb4 6. Bb2 Qe7 7. Be2 Nf6 8. d3 d5 9. exd5 exd5 10. 0-0 0-0-0 11. h3 Rhe8 12. Ne1 Bxc3 13. Bxc3 Qxe2 14. Qxe2 Rxe2 15. Nf3 d4 16. Bd2 Ne7 17. Rfe1 Bxf3 18. gxf3 Rxd2 19. Rxe7 Rxd3 20. Rxf7 Rxf3 21. Kg2 Rf5 22. Rxg7 Rg8 23. Rxg8+ Nxg8 24. Rd1 c5 25. Rd3 Nf6 26. Kg3 Ne4+ 27. Kg2 Rxf2+ 28. Kg1 Rxa2 29. Kf1 Ra1+ 30. Ke2 Ra2+ 31. Kf3 Nf2 32. Rxd4 cxd4 33. Kf4 Re2 34. Kg5 Re5+ 35. Kh6 Nxh3 36. Kxh7 Rg5 37. Kh8 Nf4 38. Kh7 Kd8 39. Kh6 Rg6+ 40. Kh7 Ke8 41. Kh8 Kf7 42. Kh7 Ne6 43. Kh8 Nf8 44. c5 Rg7 45. cxb6 Ng6# 0-1

[Event "Lima Santisimo op"]
[Site "Lima"]
[Date "2014.09.05"]
[Round "5"]
[White "Romero Dongo, Maria Jose"]
[Black "Jibaja Caceres, Sandro"]
[Result "1-0"]
[WhiteElo "1381"]
[BlackElo "1508"]
[PlyCount "143"]
[EventDate "2014.08.30"]
[EventType "swiss"]
[EventRounds "8"]
[EventCountry "PER"]
[SourceTitle "CBM 162 Extra"]
[Source "ChessBase"]
[SourceDate "2014.10.17"]
[SourceVersion "1"]
[SourceVersionDate "2014.10.17"]
[SourceQuality "1"]

1. e4 e6 2. d4 d5 3. Nc3 Nf6 4. Bd3 c5 5. exd5 Nxd5 6. Nxd5 Qxd5 7. Bb5+ Nc6 8. Nf3 Bd7 9. c3 a6 10. Bxc6 Bxc6 11. Bf4 Be7 12. dxc5 Qxc5 13. 0-0 0-0 14. Be3 Qh5 15. Nd4 Qxd1 16. Rfxd1 Bd5 17. Ne2 Bc4 18. Nf4 Bf6 19. b3 Bb5 20. Rac1 Rfd8 21. c4 Bc6 22. Bb6 Rxd1+ 23. Rxd1 Bg5 24. Ne2 e5 25. Bc7 f6 26. Nc3 b5 27. cxb5 axb5 28. Rd8+ Rxd8 29. Bxd8 b4 30. Nd1 Bd2 31. Ne3 Be4 32. Ba5 f5 33. Nc4 Bc3 34. a3 Bc2 35. Bxb4 Bd4 36. Nd2 e4 37. Kf1 e3 38. fxe3 Bxe3 39. Nc4 Bf4 40. g3 Bg5 41. Na5 Bd8 42. Nc6 Bf6 43. Be7 Bxb3 44. Bxf6 gxf6 45. Ne7+ Kf7 46. Nxf5 Kg6 47. Ne7+ Kg5 48. Kf2 Kg4 49. Nc6 Kh3 50. Nd4 Ba4 51. Kg1 h5 52. Nf5 Bd7 53. Nh4 Kg4 54. Ng2 Kf3 55. Ne1+ Kg4 56. Nc2 h4 57. Ne3+ Kg5 58. gxh4+ Kxh4 59. Nc4 f5 60. Nb6 Bc6 61. a4 f4 62. a5 f3 63. a6 Kh3 64. a7 f2+ 65. Kxf2 Kxh2 66. Ke3 Kg3 67. Kd4 Kf4 68. Kc5 Be4 69. Kd6 Bf3 70. Kc7 Ke5 71. Nc4+ Ke6 72. Na5 1-0

[Event "Lima Santisimo Nombre de Jesus 4"]
[Site "Lima"]
[Date "2014.08.07"]
[Round "?"]
[White "Romero Dongo, Maria Jose"]
[Black "Teran, Maria Laura"]
[Result "1-0"]
[WhiteElo "1381"]
[BlackElo "1322"]
[PlyCount "43"]
[EventDate "2014.08.04"]
[EventType "swiss"]
[EventRounds "8"]
[EventCountry "PER"]
[SourceTitle "EXT 2024"]
[Source "ChessBase"]
[SourceDate "2023.10.10"]
[SourceVersion "1"]
[SourceVersionDate "2023.10.10"]
[SourceQuality "1"]

1. e4 d5 2. exd5 Qxd5 3. Nc3 Qa5 4. Nf3 e5 5. Bc4 c6 6. 0-0 Bd6 7. Re1 Nh6 8. d4 Bg4 9. h3 Bxf3 10. Qxf3 Rf8 11. Bxh6 gxh6 12. Qf6 Nd7 13. Qxd6 0-0-0 14. dxe5 Rfe8 15. Rad1 Nxe5 16. Rxe5 Rxe5 17. Qxh6 Qc7 18. Rxd8+ Kxd8 19. Qf6+ Kc8 20. Qh8+ Kd7 21. Qxh7 Re1+ 22. Bf1 1-0

[Event "Lima Santisimo Nombre de Jesus 4"]
[Site "Lima"]
[Date "2014.08.07"]
[Round "?"]
[White "Tenorio, Jesus"]
[Black "Romero Dongo, Maria Jose"]
[Result "1-0"]
[WhiteElo "1639"]
[BlackElo "1381"]
[PlyCount "49"]
[EventDate "2014.08.04"]
[EventType "swiss"]
[EventRounds "8"]
[EventCountry "PER"]
[SourceTitle "EXT 2024"]
[Source "ChessBase"]
[SourceDate "2023.10.10"]
[SourceVersion "1"]
[SourceVersionDate "2023.10.10"]
[SourceQuality "1"]

1. d4 d5 2. e3 Nc6 3. f4 a6 4. Bd3 Nf6 5. Nf3 Bg4 6. c3 e6 7. Nbd2 Bd6 8. 0-0 0-0 9. Qe1 Re8 10. Qh4 Qe7 11. Bxh7+ Nxh7 12. Qxg4 Nf6 13. Qh4 b6 14. Ne5 Bxe5 15. fxe5 Ne4 16. Qxe7 Rxe7 17. Nxe4 dxe4 18. Rf4 Rf8 19. Rxe4 f6 20. exf6 Rxf6 21. Rf4 Ref7 22. Bd2 e5 23. Rxf6 Rxf6 24. Rf1 Rxf1+ 25. Kxf1 1-0

[Event "Lima Santisimo Nombre de Jesus 3"]
[Site "Lima"]
[Date "2014.06.29"]
[Round "7"]
[White "Romero, Sebastian Peru"]
[Black "Romero Dongo, Maria Jose"]
[Result "1-0"]
[WhiteElo "1530"]
[BlackElo "1389"]
[PlyCount "129"]
[EventDate "2014.06.21"]
[EventType "swiss"]
[EventRounds "8"]
[EventCountry "PER"]
[SourceTitle "EXT 2024"]
[Source "ChessBase"]
[SourceDate "2023.10.10"]
[SourceVersion "1"]
[SourceVersionDate "2023.10.10"]
[SourceQuality "1"]

1. c4 e5 2. Nc3 Nf6 3. e3 Nc6 4. d4 exd4 5. exd4 Bb4 6. Nge2 Ne4 7. Qd3 Bxc3+ 8. Nxc3 Nxc3 9. Qxc3 Qe7+ 10. Be3 0-0 11. Bd3 Qb4 12. 0-0 Qxc3 13. bxc3 d6 14. Rab1 a6 15. Rfe1 Re8 16. f3 Rb8 17. Be4 Na5 18. Bf2 Bd7 19. Rb4 Bc6 20. d5 Bd7 21. c5 dxc5 22. Rbb1 g6 23. Bxc5 b6 24. Bd4 f5 25. Bd3 Ra8 26. Rxe8+ Bxe8 27. Re1 Bd7 28. Re7 Bb5 29. Rg7+ Kf8 30. Rxh7 Ra7 31. Bxb5 axb5 32. Bxb6 Kg8 33. Rd7 Ra6 34. Bxc7 Nc4 35. Re7 Kf8 36. Re2 Ra7 37. d6 Nxd6 38. Bxd6+ Kf7 39. Kf2 Rd7 40. Re7+ Rxe7 41. Bxe7 Kxe7 42. Ke3 Kd6 43. c4 b4 44. Kd4 g5 45. c5+ Kc6 46. Kc4 b3 47. axb3 g4 48. b4 gxf3 49. b5+ Kb7 50. c6+ Kb6 51. gxf3 f4 52. Kd5 Kc7 53. h3 Kb8 54. b6 Ka8 55. c7 Kb7 56. Ke4 Kc8 57. Kxf4 Kb7 58. Ke5 Kc8 59. Kd6 Kb7 60. Kd7 Kxb6 61. c8Q Kb5 62. Qc3 Ka6 63. Qb4 Ka7 64. Kc7 Ka8 65. Qa5# 1-0

[Event "Lima Santisimo Nombre de Jesus 3"]
[Site "Lima"]
[Date "2014.06.22"]
[Round "4"]
[White "Romero Dongo, Maria Jose"]
[Black "Nanez, Daniel"]
[Result "0-1"]
[WhiteElo "1389"]
[BlackElo "1558"]
[PlyCount "60"]
[EventDate "2014.06.21"]
[EventType "swiss"]
[EventRounds "8"]
[EventCountry "PER"]
[SourceTitle "EXT 2024"]
[Source "ChessBase"]
[SourceDate "2023.10.10"]
[SourceVersion "1"]
[SourceVersionDate "2023.10.10"]
[SourceQuality "1"]

1. e4 d5 2. c3 dxe4 3. Qa4+ Nc6 4. Qxe4 Nf6 5. Qa4 Bd7 6. Qd1 e5 7. Bc4 Bc5 8. d3 0-0 9. Bg5 Bxf2+ 10. Kf1 Bxg1 11. Kxg1 h6 12. Bh4 Be6 13. Nd2 Na5 14. Bb3 Qxd3 15. Bxf6 Qe3+ 16. Kf1 Nxb3 17. axb3 gxf6 18. h3 Rfd8 19. Nc4 Rxd1+ 20. Rxd1 Bxc4+ 21. bxc4 Kh7 22. g4 Qf3+ 23. Kg1 Qxd1+ 24. Kh2 Qf3 25. Rg1 Rd8 26. Rg2 Qf4+ 27. Kh1 Rd1+ 28. Rg1 Qf3+ 29. Kh2 Rd2+ 30. Rg2 Qxg2# 0-1

[Event "Lima Santisimo Nombre de Jesus 6"]
[Site "Lima"]
[Date "2013.11.22"]
[Round "5"]
[White "Romero Dongo, Maria Jose"]
[Black "Pelaes Castillo, Renzo Jos"]
[Result "0-1"]
[WhiteElo "1485"]
[BlackElo "1372"]
[PlyCount "94"]
[EventDate "2013.11.18"]
[EventType "swiss"]
[EventRounds "8"]
[EventCountry "PER"]
[SourceTitle "EXT 2024"]
[Source "ChessBase"]
[SourceDate "2023.10.10"]
[SourceVersion "1"]
[SourceVersionDate "2023.10.10"]
[SourceQuality "1"]

1. e4 c5 2. c4 Nc6 3. Nc3 g6 4. d3 Bg7 5. Nge2 e5 6. Be3 d6 7. g3 f5 8. f4 Nge7 9. Bg2 0-0 10. 0-0 a6 11. a4 b6 12. b3 Rb8 13. Qd2 Re8 14. Rab1 Nb4 15. Na2 Nec6 16. Nec3 Be6 17. Nxb4 Nxb4 18. Na2 Nxa2 19. Qxa2 Qd7 20. Qd2 a5 21. Rfe1 Rbd8 22. Bh3 fxe4 23. Bxe6+ Qxe6 24. dxe4 exf4 25. Bxf4 Bd4+ 26. Kg2 Rf8 27. Qd3 Rde8 28. Rbd1 Qg4 29. h3 Qe6 30. Rd2 Rf7 31. Ree2 Ref8 32. Qc2 Qf6 33. Kh2 Qe6 34. Kg2 Rf6 35. Kh2 Kg7 36. Kg2 h6 37. Be3 Bxe3 38. Rxe3 h5 39. Ree2 Rf3 40. Qb2+ Kh7 41. Qc2 h4 42. g4 Qe5 43. Rf2 Qg3+ 44. Kf1 Qxh3+ 45. Kg1 Qxg4+ 46. Kh1 Rh3+ 47. Rh2 Rf1# 0-1

[Event "Lima Santisimo Nombre de Jesus 5"]
[Site "Lima"]
[Date "2013.10.19"]
[Round "8"]
[White "Tovar, Paul Mateo"]
[Black "Romero Dongo, Maria Jose"]
[Result "1-0"]
[WhiteElo "1405"]
[BlackElo "1390"]
[PlyCount "93"]
[EventDate "2013.10.16"]
[EventType "swiss"]
[EventRounds "8"]
[EventCountry "PER"]
[SourceTitle "EXT 2024"]
[Source "ChessBase"]
[SourceDate "2023.10.10"]
[SourceVersion "1"]
[SourceVersionDate "2023.10.10"]
[SourceQuality "1"]

1. e4 e6 2. Nc3 Nf6 3. d3 d5 4. Bg5 Bb4 5. Nge2 h6 6. Bxf6 Qxf6 7. exd5 exd5 8. d4 c5 9. dxc5 Bxc5 10. f3 d4 11. Nb5 Qe5 12. f4 Bb4+ 13. c3 Qxb5 14. Nxd4 Qc5 15. Bb5+ Nc6 16. Qe2+ Kd8 17. Nxc6+ bxc6 18. Qd2+ Kc7 19. cxb4 Qxb5 20. a4 Re8+ 21. Kf2 Qh5 22. h3 Re2+ 23. Qxe2 Qxe2+ 24. Kxe2 Ba6+ 25. Kf3 f5 26. g4 c5 27. Kg3 fxg4 28. hxg4 cxb4 29. Rad1 Re8 30. Rhe1 Rf8 31. Re7+ Kb6 32. Rd6+ Ka5 33. b3 Rb8 34. Rxa7 Rb6 35. Rd5+ Rb5 36. axb5 Kb6 37. Rxa6+ Kc7 38. Rc6+ Kb7 39. Rd7+ Kb8 40. b6 g5 41. Re6 gxf4+ 42. Kxf4 Kc8 43. b7+ Kxd7 44. Rb6 Ke7 45. b8Q h5 46. Qa7+ Kd8 47. Rb8# 1-0

[Event "Lima Santisimo Nombre de Jesus 3"]
[Site "Lima"]
[Date "2013.07.06"]
[Round "5"]
[White "Pazos, Jorge Alberto"]
[Black "Romero Dongo, Maria Jose"]
[Result "1-0"]
[WhiteElo "1779"]
[BlackElo "1359"]
[PlyCount "41"]
[EventDate "2013.06.28"]
[EventType "swiss"]
[EventRounds "8"]
[EventCountry "PER"]
[SourceTitle "EXT 2024"]
[Source "ChessBase"]
[SourceDate "2023.10.10"]
[SourceVersion "1"]
[SourceVersionDate "2023.10.10"]
[SourceQuality "1"]

1. d4 d5 2. c4 e6 3. Nf3 h6 4. Nc3 Bb4 5. g3 Nf6 6. Bd2 Bxc3 7. Bxc3 c6 8. Bg2 a6 9. a4 0-0 10. 0-0 Re8 11. Re1 Nbd7 12. Ne5 Qc7 13. Qc2 Nxe5 14. dxe5 Nh7 15. Bd4 Bd7 16. cxd5 exd5 17. Bxd5 Rac8 18. Bxf7+ Kxf7 19. Qxh7 c5 20. e6+ Bxe6 21. Qxg7# 1-0

[Event "Lima Santisimo Nombre de Jesus 1"]
[Site "Lima"]
[Date "2013.02.03"]
[Round "7"]
[White "Romero Dongo, Antonella"]
[Black "Romero Dongo, Maria Jose"]
[Result "1-0"]
[WhiteElo "1407"]
[BlackElo "1385"]
[PlyCount "111"]
[EventDate "2013.01.31"]
[EventType "swiss"]
[EventRounds "8"]
[EventCountry "PER"]
[SourceTitle "EXT 2024"]
[Source "ChessBase"]
[SourceDate "2023.10.10"]
[SourceVersion "1"]
[SourceVersionDate "2023.10.10"]
[SourceQuality "1"]

1. d4 d5 2. c4 c6 3. Nc3 Be6 4. cxd5 cxd5 5. Nf3 f5 6. Bf4 Nf6 7. e3 Bf7 8. Rc1 a6 9. Be2 e6 10. 0-0 Bb4 11. a3 Bd6 12. Bxd6 Qxd6 13. Nxd5 Nbd7 14. Nh4 0-0 15. Nf3 Rfe8 16. Nc7 Rf8 17. Nxa8 Rxa8 18. Rc2 Nb6 19. Qd3 Rc8 20. Rxc8+ Nxc8 21. Rc1 Ne7 22. h3 Nh5 23. Ne5 b5 24. Nxf7 Kxf7 25. Bxh5+ g6 26. Bf3 e5 27. b4 e4 28. Qb3+ Kf6 29. Be2 f4 30. Qc2 Kg5 31. Qc5+ Nf5 32. Qxd6 Nxd6 33. exf4+ Kxf4 34. Rc6 Nf5 35. Rxa6 Nxd4 36. Bg4 e3 37. fxe3+ Kxe3 38. Ra7 h5 39. Be6 Kf4 40. Bf7 Nc6 41. Rb7 Ne5 42. Bxg6 Nxg6 43. Rxb5 Ke4 44. Kf2 Kd4 45. Rc5 Ne5 46. Ke2 Nd3 47. Rxh5 Kc4 48. Ra5 Nc1+ 49. Ke3 Nb3 50. Ra8 Kb5 51. Ke4 Nd2+ 52. Kd5 Nc4 53. Rb8+ Nb6+ 54. Kd6 Ka6 55. Kc6 Na4 56. Ra8# 1-0

[Event "Lima Santisimo Nombre de Jesus 1"]
[Site "Lima"]
[Date "2013.01.31"]
[Round "3"]
[White "Romero Dongo, Sebastian Alejandro"]
[Black "Romero Dongo, Maria Jose"]
[Result "1-0"]
[WhiteElo "1503"]
[BlackElo "1385"]
[PlyCount "77"]
[EventDate "2013.01.31"]
[EventType "swiss"]
[EventRounds "8"]
[EventCountry "PER"]
[SourceTitle "EXT 2024"]
[Source "ChessBase"]
[SourceDate "2023.10.10"]
[SourceVersion "1"]
[SourceVersionDate "2023.10.10"]
[SourceQuality "1"]

1. d4 d5 2. e3 Bf5 3. Nf3 Nc6 4. a3 Nf6 5. h3 e6 6. c4 Bd6 7. c5 Be7 8. Bb5 a6 9. Bxc6+ bxc6 10. Ne5 0-0 11. Nxc6 Qd7 12. Nxe7+ Qxe7 13. b4 a5 14. b5 c6 15. b6 h6 16. Nc3 e5 17. 0-0 Rab8 18. a4 Rfd8 19. Ba3 Ne4 20. Bb2 Qf6 21. Nxe4 dxe4 22. dxe5 Rxd1 23. exf6 Rxf1+ 24. Kxf1 gxf6 25. Rd1 Kg7 26. Rd6 Be6 27. Rxc6 Rc8 28. Rxc8 Bxc8 29. Bc3 Bd7 30. b7 Bxa4 31. Bxa5 h5 32. b8Q f5 33. Qe5+ Kg6 34. Bd8 h4 35. Qf6+ Kh7 36. Qxf7+ Kh6 37. Bf6 f4 38. Qg7+ Kh5 39. Qh7# 1-0